| 000 | 00871nam a2200253 a 4500 | ||
|---|---|---|---|
| 008 | |||
| 020 | _a0471948721 (acid-free paper) | ||
| 049 | _aMAIN | ||
| 090 | _aHD30.255 | ||
| 100 | 1 | _aEden, Sally. | |
| 245 | 1 | 0 |
_aEnvironmental issues and business : _bimplications of a changing agenda / _cSally Eden. |
| 260 |
_aChichester : _bJohn Wiley, _c1996. |
||
| 300 |
_axii, 195 p. : _bill. ; _c24 cm. |
||
| 504 | _aIncludes bibliographical references : p. 177-188. | ||
| 500 | _aIncludes index. | ||
| 650 | 0 |
_aIndustrial management _xEnvironmental aspects _zGreat Britain. |
|
| 650 | 0 |
_aSocial responsibility of business _zGreat Britain. |
|
| 650 | 0 |
_aEnvironmental policy _zGreat Britain. |
|
| 907 |
_a.b1007319x _b11-07-03 _c17-04-03 |
||
| 003 | |||
| 005 | 20230123133248.0 | ||
| 040 | _cNUST | ||
| 942 |
_cBOOKS _kHD30.255 |
||
| 999 |
_c145531 _d145531 |
||